000 00541nam a2200181Ia 4500
001 25228
005 20260414151136.0
008 260414t2020||||xx |||||||||||||| ||spa||
041 _aESP
082 _a346.4
_bT74R
100 _aTorres Maldonado, Marco Andrei
_eAUT
245 0 _aLa responsabilidad civil en los derechos reales :
_binmisiones en las relaciones de vecindad, doble venta, ruina de edificio y otros
260 _c2020
300 _a382 páginas :
_c25 cm.
650 _aDER
654 _aCDE
942 _cLIB
_dJUS
_fJUS
_2ddc
_n
999 _c25228
_d25228